Największe państwa w historii - Statystyki

Ogólne statystyki
  • Ten quiz został rozwiązany 47 razy
  • Średni wynik to 8 z 15
Statystyki odpowiedzi
Wskazówki Odpowiedzi % Poprawnych
17,1 mln km Rosja
97%
9,8 mln km Chiny
82%
10,0 mln km Kanada
82%
9,7 mln km USA
82%
35,8 mln km Imperium Brytyjskie
71%
33,0 mln km Imperium Mongolskie
66%
13,5 mln km Imperium Francuskie
63%
20,0 mln km Imperium Hiszpańskie
63%
10,4 mln km Imperium Portugalskie
50%
8,7 mln km Cesarstwo Brazyli
39%
22,4 mln km ZSRR
37%
23,7 mln km Imperium Rosyjskie
32%
14,7 mln km Cesarstwo Qing
8%
11,1 mln km Kalifat Abbasydów
8%
13,0 mln km Kalifat Umajjadów
5%
Nie znaleziono quizów pasujących do podanych kryteriów
Rozkład punktacji
Procent ludzi z każdym wynikiem
Percentyl według liczby udzielonych odpowiedzi
Twoja historia wyników
Nie rozwiązałeś tego quizu